00468nam a2200169Ia 450000500170000000800410001702000290005804000190008704100120010608200170011810000190013524500710015426000260022530000170025165000200026885000100028820220117134531.0140110s9999 xx 000 0 und d a9788129120212cRs.140.00 aLoreto College aEnglish a320.954bBHA aBhagat, Chetan aWhat young India wantsbSelected essays and columnscChetan Bhagat aNew DelhibRupac2012 axxvi, 181p.  aIndian Politics aLCLIB